| Поле | Инд. | ПП | Название | Значение |
|---|---|---|---|---|
| Тип записи | a | |||
| Библиографический уровень | m | |||
| 001 | Контрольный номер | 70394b40-2bab-4659-89ec-9b1b0876b1fa | ||
| 005 | Дата корректировки | 20131122101925.3 | ||
| 008 | Кодируемые данные | 960429 d | ||
| 020 | c | Цена, тираж | 10000.00 | |
| 040 | a | Служба первич. каталог. | НБ ТвГУ | |
| 041 | a | Код языка текста | rus | |
| 080 | a | Индекс УДК | 536(075.8) | |
| a | Индекс УДК | 531.19(075.8) | ||
| 084 | a | Индекс другой классификации/Индекс ББК | В317я731-1 | |
| 090 | c | Каталожный индекс | В317я731-1 | |
| x | Авторский знак | Т52 | ||
| a | Полочн. индекс | В317 | ||
| 100 | 1_ | a | Автор | Толкачев Владимир Артемьевич |
| 245 | 00 | a | Заглавие | Термодинамика и статистическая физика |
| b | Продолж. заглавия | Учеб. пособие | ||
| c | Ответственность | В.А. Толкачев; Новосиб. гос. ун-т | ||
| c | Ответственность | Новосиб. гос. ун-т | ||
| 260 | 0_ | a | Место издания | Новосибирск |
| b | Издательство | Изд-во Новосиб. ун-та | ||
| c | Дата издания | 1996 | ||
| 300 | a | Объем | 159,[1] с. | |
| b | Иллюстрации/ тип воспроизводства | ил. | ||
| 650 | a | Основная рубрика | Термодинамика | |
| 650 | a | Основная рубрика | Статистическая физика | |
| x | Основная подрубрика | Учебники для вузов | ||
| 653 | a | Ключевые слова | Термодинамика | |
| a | Ключевые слова | Статистическая физика | ||
| a | Ключевые слова | Учебники | ||
| 852 | t | Порядковый номер экземпляра | 1 | |
| p | Инвентарный номер | 678178 | ||
| 930 | a | Новая/Ретро | Учебники | |
| 952 | c | Вид литературы | К ру | |
| 954 | a | Дата поступления на обработку | 19980302 | |
| 999 | a | Подразделение 2 | Фил3 |